000 00753nam a2200205Ia 4500
005 20241129110112.0
008 241129s9999||||xx |||||||||||||| ||und||
037 _aTB
040 _aARTS
_bpun
_cARTS
041 _apun
_2pun
084 _aO153k R3(RR)
_qARTS
100 _aਕਰਾਤੀ, ਪਰਮਿੰਦਰ ਕੌਰ, ਥਦ।
_9624499
245 0 _aਕਥਨ ਕੋਸ਼
_cਕਰਾਤੀ, ਪਰਮਿੰਦਰ ਕੌਰ, ਥਦ।
260 _aਚੰਡੀਗੜ੍ਹ, ਭਾਰਤ
_bਚੰਡੀਗੜ੍ਹ ਲੋਕਗੀਤ ਪ੍ਰਕਾਸ਼ਨ
_c2023
300 _a233ਪ੍ਰ0
365 _aINR
_b350
650 _aPunjabi LiteratureEncyclopeadia
_9727215
942 _cTB
_hO153k R3(RR)
999 _c1227313
_d1227313